Celní preference a původ zboží: Preferenční důkazy původu

Príklady, ktoré popisujú ako používať osvedčenie EUR 1 v iných než bežných situáciách. Niekoľko poznámok k hodnotovým limitom pri prehlásení na faktúre.

Guardado en:
Detalles Bibliográficos
Autor principal: Kubát, Michal
Otros Autores: Stuchlík, Karel
Formato: Capítulo de libro
Lenguaje:checo
Materias:
Etiquetas: Agregar Etiqueta
Sin Etiquetas, Sea el primero en etiquetar este registro!

MARC

LEADER 00000naa a2200000 4500
001 r041775
005 20230908092102.4
041 0 |a cze 
044 |a CZ 
245 1 0 |a Celní preference a původ zboží: Preferenční důkazy původu  |c Michal Kubát, Karel Stuchlík 
520 |a Príklady, ktoré popisujú ako používať osvedčenie EUR 1 v iných než bežných situáciách. Niekoľko poznámok k hodnotovým limitom pri prehlásení na faktúre. 
610 2 0 |a preferencie colné 
610 2 0 |a pôvod tovaru 
610 2 0 |a osvedčenie 
610 2 0 |a dovoz 
610 2 0 |a vývoz 
610 2 0 |a tovar 
100 1 |a Kubát, Michal 
700 1 |a Stuchlík, Karel